01529nam a2200157 a 4500008004100000020001800041041000800059100002900067245010200096250001100198260003000209300002400239500012600263505096000389655002201349161215t2011 ag a|||g |||| 001 | spa d a9789876042444 aspa1 aFedeli, Liliana Graciela aCipolletti. Una comunidad en acción.b¿Conflicto social o pueblada? /cLiliana Graciela Fedeli a1a ed. aNeuquén:bEDUCO;c2011. a169 p.b22,5x16 cm. aFedeli, L. G. (2011). Cipolletti. Una comunidad en acción. ¿Conflicto social o pueblada?. (1a ed.). Neuquén : EDUCO. aEl Cipoletazo se inscribe en un ciclo de protesta social producida en la segunda década del 70, representada por un estadio de conflictividad con movilización nacional, con casos como el Rosariazo, Cordobazo y otros posteriores. La conflictividad era producto del modelo de estado burocrático autoritario impuesto por la "Revolución Argentina", que tenia como objetivos de gobierno: suspender la actividad política, reorganizar la economía y la sociedad, ejerciendo control sobre los intentos de protesta social. El caso de Cipolletti, producido en ese contexto, el 12 de septiembre de 1969, fue particular y diferenciable, porque la población se movilizó ante la agresión del poder provincial, cuando este poder intenta remover de su cargo al comisionado municipal Julio Dante Salto. La masiva participación lo convirtió en una verdadera pueblada. Los cipoleños querían inscribir su destino sin injerencias ni condicionamientos. aHistoria regional